000 00450nam a2200181Ia 4500
008 230524s9999 xx 000 0 und d
020 _a0849309395
082 _a515.36
_bMHA
100 _aHrushikesh N.Mhaskar
245 0 _aFundamentals of Approximation Theory
250 _a1ST
260 _aNEW DELHI
_bNarosa
_c2000
300 _aXV;541
500 _aQuantity Number: 2
650 _aMathematics
700 _a Devidas V.Pai
942 _cBK
999 _c12960
_d12960